Marki przetłumaczone na polski - Statystyki

Ogólne statystyki
  • Ten quiz został rozwiązany 534 razy
  • Średni wynik to 9 z 20
Statystyki odpowiedzi
Z jakiego języka? Tłumaczenie Marka/produkt % Poprawnych
angielski Czerwony Byk Red Bull
86%
angielski Droga Mleczna Milky Way
80%
angielski Głowa i ramiona Head & Shoulders
78%
angielski Chata z Pizzą Pizza Hut
78%
angielski Wielbłąd Camel
66%
angielski Ustne-B Oral-B
63%
niemiecki Bawarska Fabryka Silników BMW
61%
angielski Stara Przyprawa Old Spice
61%
angielski Wróżka Fairy
46%
angielski Górska Rosa Mountain Dew
43%
angielski Ciągnięcie i Niedźwiedź Pull&Bear
42%
niemiecki i hiszpański Dzieci Dobrze Kinder Bueno
41%
angielski Gołąb Dove
37%
angielski Znikać Vanish
26%
niemiecki Kraj Zakupu Kaufland
21%
angielski i hiszpański Orzech Ona Nutella
14%
włoski lub hiszpański Wiosna Primavera
11%
angielski Lontowa Herbata Fuzetea
5%
angielski Wtulić się Nestle
3%
niemiecki Mężczyzna-Rumak Rossmann
3%
Nie znaleziono quizów pasujących do podanych kryteriów
Rozkład punktacji
Procent ludzi z każdym wynikiem
Percentyl według liczby udzielonych odpowiedzi
Twoja historia wyników
Nie rozwiązałeś tego quizu